|
|
|
|
| LEADER |
01785nem a2200457 i 4500 |
| 001 |
nkc20172943941 |
| 003 |
CZ PrNK |
| 005 |
20180619062701.0 |
| 007 |
aj canzn |
| 008 |
180122s2017 xr z a 0 cze |
| 020 |
|
|
|a 978-80-87930-86-1
|q (Map Design ;
|q mapa)
|
| 034 |
1 |
|
|a a
|b 13000
|
| 040 |
|
|
|a ABA001
|b cze
|e rda
|
| 041 |
0 |
|
|a cze
|a jpn
|
| 043 |
|
|
|a e-xr---
|b e-xr-pg
|2 czenas
|
| 072 |
|
7 |
|a 913(437)
|x Geografie Česka a Slovenska, reálie, cestování
|2 Konspekt
|9 7
|
| 072 |
|
7 |
|a 912
|x Mapy. Atlasy. Glóby
|2 Konspekt
|9 7
|
| 080 |
|
|
|a 913(437.311)
|2 MRF
|
| 080 |
|
|
|a (084.3)911.375
|2 MRF
|
| 080 |
|
|
|a (036)
|2 MRF
|
| 245 |
0 |
0 |
|a Praha :
|b plán měst
|
| 250 |
|
|
|a 2. vydání
|
| 255 |
|
|
|a Měřítko 1:13 000
|
| 264 |
|
1 |
|a Praha :
|b pro WINGs Travel vydal Map Design,
|c 2017
|
| 300 |
|
|
|a 1 mapa :
|b barevná ;
|c 38 x 32 cm, na listu 46 x 65 cm, složeno na 23 x 11 cm
|
| 336 |
|
|
|a kartografický obraz
|b cri
|2 rdacontent
|
| 337 |
|
|
|a bez média
|b n
|2 rdamedia
|
| 338 |
|
|
|a list
|b nb
|2 rdacarrier
|
| 500 |
|
|
|a Název a informace o vydání z tiráže
|
| 500 |
|
|
|a Schema linek metra, stručný vlastivědný text s barevnými fotografiemi, na rubu doplňkové mapka Český Krumlov 1:10 000, Karlovy Vary 1:10 000, průjezdní mapka ČR 1:2 300 000 a okolí Prahy 1:75 000
|
| 500 |
|
|
|a Mapy MapDesign
|
| 546 |
|
|
|a Místní jména česky, japonský text
|
| 651 |
|
7 |
|a Praha (Česko)
|7 ge118011
|2 czenas
|
| 655 |
|
7 |
|a plány měst
|7 fd133027
|2 czenas
|
| 655 |
|
7 |
|a informační publikace
|7 fd132454
|2 czenas
|
| 710 |
2 |
|
|a Map Design (firma)
|7 kn20140929016
|4 ctg
|
| 910 |
2 |
|
|a BOA001
|b Mp2-1410.002
|
| 990 |
|
|
|a MP
|
| 995 |
|
|
|a 11
|
| 991 |
|
|
|b 201806
|c NOV
|
| 996 |
6 |
|
|b 2610746257
|c Mp2-1410.002
|l MZK
|r Sklad / do 1 hodiny
|n 0
|p p.v.
|w 001669325
|u 000010
|a 1
|e BOA001
|j MZK50
|s P
|